|
|
|
|
| LEADER |
01942nam a2200361 a 4500 |
| 001 |
6845 |
| 003 |
BD-DhAAL |
| 005 |
20151110120217.0 |
| 008 |
151110s2004 bg a b 100 0 beno |
| 010 |
|
|
|a 2004309732
|
| 020 |
|
|
|z 9844940229
|
| 040 |
|
|
|a DLC
|c DLC
|d DLC
|d BD-DhAAL
|
| 050 |
0 |
0 |
|a SD235.B35
|b B33 2004
|
| 082 |
|
|
|a 333.75/137/095492
|
| 245 |
0 |
0 |
|a বন,বনবিনাশ ও বনবাসীর জীবন সংগ্রাম /
|c sampādanā, Philipa Gāina ; sampādanā sahakārī, Khādijā Khānama, Lusila Sarakāra, Pārtha Śaṅkara Sāhā ; [lekhaka], Pharahāda Majahāra ... [et al.].
|
| 260 |
|
|
|a ঢাকা :
|b সোসাইটি ফর এনভায়রনমেন্ট এন্ড হিউম্যান ডেভেলপমেণ্ট (সেড),
|c ২০০৪.
|
| 300 |
|
|
|a xi, ২৬৩ পৃ. :
|b চিত্র ;
|c ২২ সে.মি.
|
| 504 |
|
|
|a Includes bibliographical references.
|
| 520 |
|
|
|a Contributed articles on forest depletion in Bangladesh and the struggle for survival of adivasis living in the forest districts there; papers presented at a seminar held in Dhaka, Bangladesh in 2003.
|
| 541 |
|
|
|e 6845
|
| 546 |
|
|
|a In Bengali; includes passages in English.
|
| 650 |
|
0 |
|a Deforestation
|z Bangladesh
|v Congresses.
|9 16062
|
| 650 |
|
0 |
|a Forest districts
|z Bangladesh
|v Congresses.
|9 16063
|
| 650 |
|
0 |
|a Adivasis
|x Suffrage
|z Bangladesh
|v Congresses.
|9 16064
|
| 700 |
1 |
|
|a Gain, Philip.
|9 16065
|
| 700 |
1 |
|
|a Khānama, Khādijā.
|9 16066
|
| 700 |
1 |
|
|a Sarakāra, Lusila.
|9 16067
|
| 700 |
1 |
|
|a Sāhā, Pārtha Śaṅkara.
|9 16068
|
| 700 |
1 |
|
|a Majahāra, Pharahāda.
|9 16069
|
| 710 |
2 |
|
|a Society for Environment and Human Development (Dhaka, Bangladesh)
|9 8014
|
| 942 |
|
|
|2 ddc
|c CR
|
| 999 |
|
|
|c 36095
|d 36095
|
| 952 |
|
|
|0 0
|1 0
|2 ddc
|4 0
|6 333_750000000000000_137_095492
|7 0
|9 56716
|a SCL
|b SCL
|c GEN
|d 2015-11-10
|g 175.00
|l 0
|o 333.75137095492
|p 3020006845
|r 2015-11-10
|t 1
|w 2015-11-10
|y BK
|